Собрание оттисков, воспроизведенных для "Коронационного сборника" портретов и групп с корректурой надписей под ними

Доступно только в Электронных читальных залах Найти на картеНа карте
RUSMARC
00004032nmc2a22002773x 450
00147bb87ca-7340-49b6-b33c-a4b4c931d19e
00520241112215449.0
100##$a20240617l18961896k l0rusy0189 ca
1010#$arus
$afre
102##$aRU
105##$aa###
1222#$ad
2001#$aСобрание оттисков, воспроизведенных для "Коронационного сборника" портретов и групп с корректурой надписей под ними
$j1896 г.
215##$a178 л.
$cил.
$d50х35 см
251##$cДело
300##$aПортреты
300##$aНа русском и французском языках
300##$aОриг. заголовок дела: Дело с надписями под портретами и группами. Рукописи и корректуры. 1896 г
371##$aДокумент не является опубликованным и широко распространяемым
461#0$1001RusGRCC00079091
$12001
$aКанцелярия Министерства Императорского двора
$1251
$cФонд
$1852
$j472
462#0$1001c0b6831a-da70-44f0-af60-1a3bc9d20a40
$12001
$aКанцелярия Министерства Императорского двора
$1251
$cОпись
$1852
$j44
$l420-1968
5171#$aДело с надписями под портретами и группами. Рукописи и корректуры. 1896 г
801#0$aRU
$bРГИА
$c20240617
$gRCR
801#1$aRU
$bГлавНИВЦ
$c20240617
$2rusmarc
801#2$aRU
$bПБ им. Б.Н. Ельцина
$c20241112
$gRCR
$2rusmarc
850##$aРГИА
852##$aРГИА
$eФедеральное казенное учреждение "Российский государственный исторический архив" (РГИА)
$j26
937##$hРГИА
$d12416925
$aASBIBLIO_SCAN
035##$aRusGRCC00079022
856##$uhttp://readingroom.main.prlib.ru/item.aspx?id_node=n194767068&mode=full
Формат отображения